000 00924nam a2200253 i 4500
003 DO-SdBNP
005 20230622101043.0
006 a||||gr|||| 00| 0
007 ta
008 230621t2002 dr ad||| |||| 00| 0 spa d
020 _a9993425273
040 _aDO-SdBNP
_bspa
_cBNPHU
_erda
082 4 _222
_bD441g
245 0 0 _aDesafíos de la gerencia social en el siglo XXI:
_bla construcción de sociedades equitativas. /
_cElsy Bonilla-Castro, Isabel Licha y José R. Molinas, editores
264 4 _a[Santo Domingo] :
_bINDES,
_bBID,
_bINTEC,
_c©2002
300 _a223 página :
_bIlustraciones, gráficas ;
_c23 cm.
336 _2rdaconten
_atexto
_btxt
337 _2rdamedia
_asin medición
_bn
338 _2rdacarrier
_avolumen
_bnc
490 _aTemas Especializados de Gerencia Social ;
_v5
500 _aIncluye datos biográficos en la solapa de la cubierta.
590 _aInventariado 2023 / MF
942 _2ddc
_cLBS1
999 _c53893
_d53893